00422nam a2200169Ia 4500003000500000008004100005020001800046040001900064082000700083100002300090245004500113246002300158260003900181300001000220365000800230546001400238STCL221019s9999 xx 000 0 und d a9788182662384 aSTCLcSTCLbEN 222 aBalakrishnan, C V 0aവിശുദ്ധ ചുംബനം aVisuddha chumbanam bMathrubhumi BooksaKozhikodec2014 a215 p b165 aMalayalam